Le Mans - Les arrêts de tramway - Statistiques

Statistiques générales
  • Ce quiz a été pris 379 fois
    370 depuis la dernière actualisation
  • Le résultat moyen est 15 sur 56
Statistiques - réponses
Réponse % Correct
Université
81%
République
77%
Préfecture
71%
Préfecture
71%
Gares
66%
Gares
66%
Gares
66%
Hôpital
57%
Zola
54%
Zola
54%
Saint-Martin
50%
Saint-Martin
50%
Leclerc Fleurus
47%
Leclerc Fleurus
47%
Lafayette
45%
Campus-Ribay
42%
Théodore Monod
35%
Gambetta-Mûriers
32%
Viaducs
32%
Viaducs
32%
Éperon - Cité Plantagenêt
28%
Goya
25%
Pontlieue
24%
Bellevue - Hauts de Coulaines
23%
Jaurès-Pavillon
23%
Jaurès-Pavillon
23%
Croix de Pierre
22%
Espal - Arche de la Nature
22%
Cadran Épine
21%
Haute Venelle - Clinique du Pré
19%
Glonnières - Centre Sud
16%
Jacobins-Quinconces
15%
Maillets-Banjan
14%
Jules Raimu
13%
Maillets-Zamenhof
12%
Guetteloup - Pôle Santé Sud
11%
Churchill
10%
Durand-Vaillant
10%
Île aux Sports
9%
Atlantides-Sablons
7%
Allonnes - Bois Joli
5%
Épau - Gué Bernisson
5%
Novaxud
5%
Angevinière
4%
Pêcheurs
4%
Patte d'Oie
3%
Centre Hospitalier Spécialisé
2%
Collège Kennedy
2%
Les Hautes Métairies
2%
Lycée Malraux
2%
Mairie d'Allonnes
2%
Stade Georges Garnier
2%
Antarès - State Marie Marvingt
1%
Martin Bréguet
1%
Centre Culturel Jean Carmet
0%
Comtes du Maine - Officie du Tourisme
0%
Aucun quiz correspondant
Distribution des résultats
% des personnes avec chaque résultat
Percentile par nombre de réponses
Votre historique - résultats
Vous n’avez pas pris ce quiz depuis la dernière actualisation